| 000 | 00467nam a2200157 i 4500 | ||
|---|---|---|---|
| 001 | 71084 | ||
| 003 | ES-MaACL | ||
| 005 | 20230906171020.0 | ||
| 007 | t| | ||
| 008 | 040805s1966 sp ||||1| cat d | ||
| 100 | 1 |
_aGassó i Carbonell, Lluis. _955927 |
|
| 245 | 1 | 0 |
_aApunts per a un assaig d'introspectiva poética / _cLluis Gassó i Carbonell. |
| 260 |
_aBarcelona : _bRafael Dalmau, _c[1966] |
||
| 300 |
_a24 h. ; _c19 cm. |
||
| 852 |
_aES-MaACL _j2054-F-6 _bR.61929 |
||
| 999 |
_c71084 _d71084 |
||